| 000 | 01015nam a22002657a 4500 | ||
|---|---|---|---|
| 005 | 20150128162105.0 | ||
| 008 | 131118b2010 ck ||||| |||| 00| 0 spa d | ||
| 020 | _a9789588403267 | ||
| 040 |
_aCO-BoIAVH _cCO-BoIAVH |
||
| 041 | _aspa | ||
| 044 | _ack | ||
| 082 | 0 | 4 |
_a593.55 _bL86h |
| 100 | 1 |
_aLópez-Peralta, Raúl Hernando _92674 |
|
| 245 | 1 | 0 |
_aHidromedusas del Océano Pacífico colombiano : _bcatálogo básico de identificación rápida I / _cRaúl Hernando, López-Peralta y Angela María, Baldrich-Chaparro |
| 260 |
_aBogotá: _bUniversidad Militar Nueva Granada, Programa de Biología Aplicada, _c2010. |
||
| 300 |
_a77 p. _bil., mapas, fotografías (col) _c28 cm. |
||
| 650 | 1 | 4 |
_aCelenterados _92699 |
| 650 | 1 | 4 |
_aAnimales marinos _92700 |
| 650 | 4 |
_aMedusas _zOcéano Pacífico (Colombia) _932249 |
|
| 650 | 4 |
_aHidromedusas _xclasificación _932250 |
|
| 650 | 4 |
_aHidromedusas _xfilogenia _932251 |
|
| 650 | 4 |
_aHydrozoa _932252 |
|
| 700 | 1 |
_aBaldrich-Chaparro, Angela María _92678 |
|
| 942 |
_2ddc _cLIBRO |
||
| 999 |
_c7839 _d7839 |
||